008910000a220013300045001000031000002450112000313000040001435200376001836500026005597730057005859420008006429520090006509990017007401 aRojas Castillo, John Larry10aLa comunidad de diálogo y la formación particular: notas a partir de l afilosofía política de Hegel ano.48 (ene. - feb., 2011), p. 36-39 aEste texto desarrolla con base en la filosofía del derecho (1821) y algunos discursos de Hegel del periodo de Nüremberg, cómo la comunidad es base de la formación de la libertad particular de los individuos. Se mostrará cómo las normas, tradiciones y costumbres de una comunidad son raíces a partir de las cuales florece la particularidad de cada individuo.14aEDUCACION HUMANISTICA0 tRevista internacional magisterio : educación y ped cANA 001040708HEMaFUSBCbFUSBCd2016-01-26l0o r2016-01-26 00:00:00w2016-01-26yANA c63295d63295